000 00652nam a2200301Ia 4500
005 20260127112940.0
008 008 260114s9999 xx 000 0 eng d
020 _a745600409
037 _aTextbook
040 _aPSDL
040 _beng
040 _cPSDL
041 _2eng
041 _aeng
084 _aW M7
084 _qPSDL
100 _aFrankel, Boris
_91108385
245 4 _aThe post-industrial utopians
245 0 _cFrankel, Boris
260 _aCambridge
260 _bPolity Press
260 _c1987
300 _a303p.
942 _cTB
942 _hW M7
999 _c1673593
_d1673593